Online katalóg knižníc regiónu Turca

Vlk a holubica (Record no. 22558)

MARC details
000 -LEADER
fixed length control field 00886nam a2200289 a 4500
001 - CONTROL NUMBER
control field 22558
003 - CONTROL NUMBER IDENTIFIER
control field SK-KTurca
005 - DATE AND TIME OF LATEST TRANSACTION
control field 20260401101900.0
008 - FIXED-LENGTH DATA ELEMENTS--GENERAL INFORMATION
fixed length control field 990924s1999 xo 000 1 slo c
020 ## - INTERNATIONAL STANDARD BOOK NUMBER
International Standard Book Number 8071186996 (viaz.)
035 ## - SYSTEM CONTROL NUMBER
System control number UKB000245114
040 ## - CATALOGING SOURCE
Original cataloging agency BAA001
Language of cataloging slo
Transcribing agency BAA001
Description conventions AACR2
041 1# - LANGUAGE CODE
Language code of text/sound track or separate title slo
Language code of original eng
044 ## - COUNTRY OF PUBLISHING/PRODUCING ENTITY CODE
MARC country code xo
ISO country code SK
080 ## - UNIVERSAL DECIMAL CLASSIFICATION NUMBER
Universal Decimal Classification number 820(73)-31
100 1# - MAIN ENTRY--PERSONAL NAME
Personal name Woodiwiss, Kathleen E.
245 00 - TITLE STATEMENT
Title Vlk a holubica
Statement of responsibility, etc. Kathleen E. Woodiwissová ; [z angl. orig. prel. Melita Albrechtová a Martin Albrecht]
260 ## - PUBLICATION, DISTRIBUTION, ETC.
Place of publication, distribution, etc. Bratislava
Name of publisher, distributor, etc. Ikar
Date of publication, distribution, etc. 1999
300 ## - PHYSICAL DESCRIPTION
Extent 366 s
650 07 - SUBJECT ADDED ENTRY--TOPICAL TERM
Topical term or geographic name entry element literatúra americká
General subdivision romány ľúbostné
650 07 - SUBJECT ADDED ENTRY--TOPICAL TERM
Topical term or geographic name entry element romány ľúbostné americké
653 ## - INDEX TERM--UNCONTROLLED
Uncontrolled term 820(73)-31
700 1# - ADDED ENTRY--PERSONAL NAME
Personal name Albrechtová, Melita
Relationship trl
700 1# - ADDED ENTRY--PERSONAL NAME
Personal name Albrecht, Martin
Relationship trl
765 0# - ORIGINAL LANGUAGE ENTRY
Title <<The>> wolf and the dove
Main entry heading Woodiwiss, Kathleen E.
942 ## - ADDED ENTRY ELEMENTS (KOHA)
Source of classification or shelving scheme Dewey Decimal Classification
Koha item type Krásna literatúra pre dospelých
Suppress in OPAC No
Holdings
Stav vyradenia Strata Poškodenie Spôsob nadobudnutia Domovská knižnica Aktuálna knižnica Dátum nadobudnutia Total checkouts Čiarový kód exemplára Date last seen Typ exemplára
      Dar Obecná knižnica Turčianska Štiavnička Obecná knižnica Turčianska Štiavnička 01.04.2026   4738000848 01.04.2026 Krásna literatúra pre dospelých
Projekt je podporený Slovenskou asociáciou knižníc
Prevádzkuje Turčianska knižnica Martin 2026